La collection Rulebreakers de FIFA 23 (équipe 2) - Statistiques

Statistiques générales
  • Ce quiz a été pris 80 fois
  • Le résultat moyen est 8 sur 12
Statistiques - réponses
Poste + Club Joueur Note % Correct
Milieu Offensif Central - Olympique de Marseille Dimitri Payet 87
86%
Défenseur Central - Paris Saint-Germain Sergio Ramos 89
80%
Milieu Offensif Central - Chelsea Kai Havertz 88
77%
Avant-Centre - US Salermitana Franck Ribéry 90
75%
Milieu Central - Liverpool Thiago 89
73%
Milieu Défensif Central - FC Nantes Moussa Sissoko 86
68%
Défenseur Droit - Borussia Dortmund Thomas Meunier 84
68%
Buteur - Brentford FC Ivan Toney 85
63%
Défenseur Central - VfL Wolfsburg Maxence Lacroix 85
61%
Milieu Gauche - Arsenal Emile Smith-Rowe 86
52%
Défenseur Gauche - Brighton & Hove Albion Pervis Estupinan 83
45%
Buteur - CA Osasuna Ezequiel Avila 84
41%
Aucun quiz correspondant
Distribution des résultats
% des personnes avec chaque résultat
Percentile par nombre de réponses
Votre historique - résultats
Vous n’avez pas pris ce quiz